• 首页
  • 本馆介绍
  • 公告通知
  • 最新文献
  • 馆藏检索
  • 电子资源
  • 读者导购
  • 参考咨询
  • 我的图书馆
  • 登录
  • 详细信息显示
  • 放入我的书架
  • 预约/预借图书
  • 作者相关作品
  • 分类相关作品
  • 丛书相关作品
  • 出版社相关作品

书目信息

  • 表格格式
  • 工作单格式
  • 卡片格式
题名:
恢复哲学的尊严
    
 
作者: 黎鸣 著
分册:  
出版信息: 北京   中国社会出版社  2005
页数: 193页
开本: 23cm
丛书名: “黎鸣风暴”系列
单 册:
中图分类: G201
科图分类:
主题词: 信息学 , 哲学 , 信息学--哲学--研究
电子资源:
ISBN: 7-5087-0512-2
000 00937oam2 2200301 450
001 002929049
005 20061115160313.12
010    @a7-5087-0512-2@dCNY18.00
100    @a20050615d2005 em y0chiy0110 ea
101 0  @achi
102    @aCN@b110000
105    @ay z 000yy
200 1  @a恢复哲学的尊严@9hui fu zhe xue de zun yan@e信息哲学论@f黎鸣著
205    @a2版
210    @a北京@c中国社会出版社@d2005
215    @a193页@d23cm
225 2  @a“黎鸣风暴”系列
330    @a本书包括:信息论、信息与自组织、信息的哲学、信息与物质观、信息与认识论、信息与辩证法、信息与唯物史观共七章内容。
461  0 @12001 @a“黎鸣风暴”系列
510 1  @aRehabilitation of Philosophic Honour@zeng
517 1  @a信息哲学论@9xin xi zhe xue lun
606 0  @a信息学
606 0  @a哲学
606 0  @a信息学@x哲学@x研究
690    @aG201@v4
701  0 @a黎鸣@9li ming@f(1944~)@4著
801  0 @aCN@bNLC@c20061115
905    @a10447@dG201@e191
    
    恢复哲学的尊严:信息哲学论/黎鸣著.-2版.-北京:中国社会出版社,2005
    193页;23cm.-(“黎鸣风暴”系列)
    
    
    ISBN 7-5087-0512-2:CNY18.00
    本书包括:信息论、信息与自组织、信息的哲学、信息与物质观、信息与认识论、信息与辩证法、信息与唯物史观共七章内容。
●
相关链接 在E读中查询图书 在五车中查询图书 在当当中查询图书 在豆瓣中查询图书


正题名:恢复哲学的尊严     索取号:G201/191         预约/预借

序号 登录号 条形码 馆藏地/架位号 状态 备注
1 0391079   203910795   第一样本阅览室/ [索取号:G201/191] 在馆    
2 0391080   203910802   第四借阅区/ [索取号:G201/191] 在馆    
3 0391081   203910811   第四借阅区/ [索取号:G201/191] 在馆    
4 0391082   203910820   第四借阅区/ [索取号:G201/191] 在馆    
5 0391083   203910839   第四借阅区/ [索取号:G201/191] 在馆    
欢迎您!
大连网信软件有限公司© 版权所有